000 02105nam a2200229Ia 4500
001 15690
003 GE_BSU
008 181216s||||||||xx |||||||||||||| ||und||
040 _cGE_BSU
100 _aჭავჭავაძე, ი. (ილია, 1837-1907)
245 _aთხზულებანი
245 _cშემდგ. მურმან ლებანიძე ; რედ. ნათელა ინასარიძემხატვ. ლადო გრიგოლია
260 _aთბილისი
260 _bსაბჭ. საქართველო
260 _c1984
300 _a942 გვ. ; 20 სმ.
653 _aთხზულებანი
653 _aლექსები: ყვარლის მთებს; სანთელი; გუთნის-დედა; სიმღერა; გიყვარდეს; სიზმარი; ლოცვა; უცხოეთში; **დაე თუნდ მოვკვდე, არ მეშინიან...; ქართვლის დედას; ***მაშინ დავსტკბები სრულის სამოთხით...; რისთვის მიყვარხარ? და სხვ.
653 _aპოემები: აჩრდილი; ქართვლის დედა; რამდენიმე სურათი ანუ ეპიზოდი ყაჩაღის ცხოვრებიდამ; მეფე დიმიტრი თავდადებული; განდეგილი; პროზა: მგზავრის წერილები; გუბე; გლეხთა გათავისუფლების პირველ-დროების სცენები;
653 _aსარჩობელაზედ; ნიკოლოოზ გოსტაშაბიშვილი; ამბავად გაგონილნი; კაცია-ადამიანი?!; გლახის ნაამბობი; ოთარაანთ ქვრივი
942 _cBK
999 _c48788
_d48788